01682cam a2200277 a 450000100090000000300040000900500170001300800410003001000170007102000180008802000150010604000180012105000160013908200170015510000190017224500590019125000120025026000540026230000480031650000220036450509140038665000320130065000310133265000210136365000200138415544170OSt20220208114605.0081204s2010 njua 001 0 eng  a 2008048395 a9780136050568 a0136050565 aDLCcDLCdDLC00aPE1408.A69 00a808/.0422221 aArlov, Pamela.10aWordsmith: a guide to college writing./cPamela Arlov. a4th ed. aUpper Saddle River, N.J. :bPrentice Hall,c2010. axviii, 606 p. :bill. (some col.) ;c23 cm. aIncludes indexes.0 aThe writing process -- Preparing to write -- Building a framework: thesis and organization -- Introducing the essay -- Developing body paragraphs -- Concluding the essay -- Revising, proofreading, and formatting -- Showing and telling: description, narration, and example -- Limiting and ordering: definition, classification, and process -- Examining logical connections: comparison-contrast, cause-effect, and argument -- Writing a summary -- Writing a research paper -- Verbs and subjects -- Subject-verb agreement -- Coordination and subordination -- Run-on sentences -- Sentence fragments -- Pronoun case -- Pronoun agreement, reference, and point of view -- Misplaced and dangling modifiers -- Parallel structure -- Verb shifts -- Sentences with style -- Commas -- Other punctuation -- Word choice -- Words commonly confused -- Capital letters -- Apostrophes -- Quotation marks, underlining, and italics. 0aEnglish languagexRhetoric. 0aEnglish languagexGrammar. 0aCollege readers. 0aReport writing.